| 000 | 00846nam a2200253 a 4500 | ||
|---|---|---|---|
| 005 | 20240813063740.0 | ||
| 008 | 010628s19952002mx r 000 0 spa d | ||
| 020 | _a8474854172 | ||
| 035 | _aUPN01000108985 | ||
| 049 | _aCG | ||
| 050 | 4 |
_aP211 _bU7.2 |
|
| 100 | 1 | _aUrrutia Cárdenas, Hernán | |
| 245 | 1 | 0 |
_aComentarío filológico-linguístico de textos castellanos / _cHérnan Urrutía Cárdenas, Santiago Segura Munguía, Francisco J.Pueyo Mena. |
| 260 |
_aBilbao, Esp. _bUniversidad de Deusto, _c1995. (2002 reimp.) |
||
| 300 | _a393 p. | ||
| 440 | 0 |
_aSerie letras _v27 |
|
| 650 | 4 |
_aESPAÑOL - _xGRAMATICA HISTORICA _911738 |
|
| 650 | 4 |
_aEspañol _xFonología _916834 |
|
| 700 | 1 |
_aSegura Munguía, Santiago, _ecoaut. _929992 |
|
| 710 | 2 |
_aPueyo Mena, Francisco J., _ecoaut. |
|
| 901 | _a174107 | ||
| 902 | _aMCM/rrm | ||
| 905 | _aLibro | ||
| 999 |
_c82896 _d82896 |
||